1269 1205 1826 1462 1724 1131 1932 1594 1638 1810 1549 1089 1314 1304 1119 1676 1473 1404 1863 1200 1224 1505 1898 1972 1811 1003 1702 1749 1996 1560 1381 1504 1116 1151 1773 1566 1683 1154 1169 1115 1907 1341 1211 1624 1142 1322 1420 1376 1733 1515 1880 1503 1152 1142 1784 1302 1375 1298 1733 1793 1107 1398 1941 1063 1303 1178 1660 1745 1339 1134 1144 1813 1079 1106 1034 1688 1014 1668 1861 1628 1310 1345 1488 1783 1978 1950 1353 1642 1874 1245 1648 1048 1018 1617 1448 1041 1050 1729 1477 BCNSPRNW ULIB Ver.6.0+V

เปลี่ยนเป็นภาษาไทย

Change to English
 แสดงรายละเอียดบรรณานุกรม
  กลับหน้าหลัก

Brief Record : Get Marc (ISO 2709) : E-mail record : QR code < ปิดหน้าต่าง
LEADER : 00000nam 2200000uu 4500
001    13399123998
003     ULIB
008    141219s2556||||th 000 0 tha d
020    ^a9789747743593
060 04 ^aWC100^bภ979ร
100 0  ^aภากร โภไคยพงศ์
245 10 ^aโรคระบาด โรคติดเชื้อที่ต้องระวัง! =^bPandemic preparation and prevention /^cภากร โภไคยพงศ์
246 0  ^aPandemic preparation and prevention
260    ^aกรุงเทพฯ :^bต้นธรรม,^c2556
300    ^a160 หน้า :^bภาพประกอบ;^c19 ซม.
650  4 ^aมาลาเรีย
650  4 ^aอหิวาตกโรค
650  4 ^aไข้เลือดออก
650  4 ^aโรคแอนแทรกซ์
650  0 ^aไข้หวัดใหญ่
650  0 ^aไข้หวัดซาร์ล
650  0 ^aไข้หวัดนก
650  0 ^aไข้หวัดหมู
945    ^p100^l0^i037594
945    ^p100^l0^i037595
945    ^p100^l0^i037596
945    ^p100^l0^i037597
945    ^p100^l0^i037598
999    ^aเกษร โพธิ์สุวรรณ
รายการนี้ยังไม่มีแท็ก
คุณยังไม่ได้ล็อกอิน คุณสามารถมีกิจกรรมร่วมกับเว็บไซต์ได้ แต่ต้องล็อกอินก่อน ::
  ล็อกอิน

รายการสื่อสารสนเทศ

ลำดับที่ ประเภท เลขเรียก/บาร์โค้ด สถานที่ สถานะ
1. วิทยาศาสตร์การแพทย์ และสุขภาพ
หนังสือสำรอง
สถานะ=หนังสือสำรอง
WC100 ภ979ร ฉ.1 
  Barcode: 037594
ห้องสมุดวิทยาเขตสวรรค์ประชารักษ์
►ส่วนจัดเก็บหนังสือเก่า สปร
บนชั้น
  ขอยืม
2. วิทยาศาสตร์การแพทย์ และสุขภาพ
วิทยาศาสตร์การแพทย์ และสุขภาพ
WC100 ภ979ร ฉ.2 
  Barcode: 037595
ห้องสมุดวิทยาเขตสวรรค์ประชารักษ์
►ส่วนจัดเก็บหนังสือเก่า สปร
บนชั้น
  ขอยืม
3. วิทยาศาสตร์การแพทย์ และสุขภาพ
วิทยาศาสตร์การแพทย์ และสุขภาพ
WC100 ภ979ร ฉ.3 
  Barcode: 037596
ห้องสมุดวิทยาเขตสวรรค์ประชารักษ์
►ส่วนจัดเก็บหนังสือเก่า สปร
บนชั้น
  ขอยืม
4. วิทยาศาสตร์การแพทย์ และสุขภาพ
วิทยาศาสตร์การแพทย์ และสุขภาพ
WC100 ภ979ร ฉ.4 
  Barcode: 037597
ห้องสมุดวิทยาเขตสวรรค์ประชารักษ์
►ส่วนจัดเก็บหนังสือเก่า สปร
บนชั้น
  ขอยืม
5. วิทยาศาสตร์การแพทย์ และสุขภาพ
วิทยาศาสตร์การแพทย์ และสุขภาพ
WC100 ภ979ร ฉ.5 
  Barcode: 037598
ห้องสมุดวิทยาเขตสวรรค์ประชารักษ์
►ส่วนจัดเก็บหนังสือเก่า สปร
บนชั้น
  ขอยืม

รายการใกล้เคียง
    ผู้แต่ง [ภากร โภไคยพงศ์]

    หัวเรื่อง [มาลาเรีย]
    หัวเรื่อง [อหิวาตกโรค]
    หัวเรื่อง [ไข้เลือดออก]
    หัวเรื่อง [โรคแอนแทรกซ์]
    หัวเรื่อง [ไข้หวัดใหญ่]
    หัวเรื่อง [ไข้หวัดซาร์ล]
    หัวเรื่อง [ไข้หวัดนก]
    หัวเรื่อง [ไข้หวัดหมู]

BibComment


ยังไม่เคยถูกคอมเมนท์

คอมเมนท์ทรัพยากรรายการนี้
  คอมเมนท์: โรคระบาด โรคติดเ..


 Copyright 2026. Bcnsprnw @Library